Statistiche per Medagliere Calcio ai Giochi Olimpici

Clicka qui per fare il quiz!

Statistiche generali

  • Questo quiz è stato fatto 58 volte
  • Il punteggio medio è 14 su 18

Statistiche sulle risposte

Medaglie complessiveMedaglie d'OroMedaglie d'ArgentoMedaglie di BronzoRappresentativa olimpica% Corretto
9252Brasile
100%
5113Germania
100%
4220Argentina
98%
3102Italia
98%
8422Stati Uniti
96%
4130Spagna
94%
4202Canada
82%
3003Paesi Bassi
82%
5122Svezia
80%
3111Nigeria
73%
3300Gran Bretagna
67%
3102Norvegia
65%
3120Polonia
65%
4031Danimarca
61%
5131Jugoslavia
59%
5311Ungheria
59%
5203Unione Sovietica
55%
3111Germania Est
45%

Distribuzione punteggi

Percentile per numero di risposta

Percentuale di utenti per punteggio

I tuoi punteggi nel tempo

Non hai fatto questo quiz